000 00628cam a22002291 4500
001 sa 68000220
003 DLC
005 20260227112421.0
008 870328s1967 ii a 000 0 mar
010 _asa 68000220
035 _a(OCoLC)15389725
040 _aDLC
_cNRU
_dNRU
_dDLC
042 _apremarc
043 _aa-ii---
050 0 0 _aDS414
_b.D444
100 1 _aDesai, Mrinalini,
_d1926-
245 1 0 _aVirāṇī.
_cLekhika Mr̥ṇālinī Desāī.
260 _a[Puṇe]
_bManohara Granthamālā
_c[1967]
300 _a15, 183 p.
_billus.
_c18 cm.
500 _aIn Marathi.
651 0 _aIndia
_xDescription and travel.
999 _c77037
_d77037